Statistics for Flags of Slovak regions

Click here to take the quiz!

General Stats

  • This quiz has been taken 10 times
  • The average score is 4 of 8

Answer Stats

Answer% Correct
Kosicky
67%
Trenciansky
67%
Trnavsky
67%
Zilinsky
67%
Bratislavsky
50%
Nitriansky
50%
Banskobystricky
33%
Presovsky
33%

Score Distribution

Percentile by Number Answered

Percent of People with Each Score

Your Score History

You have not taken this quiz